| 000 | 00503nam a2200181Ia 4500 | ||
|---|---|---|---|
| 999 |
_c9004 _d9004 |
||
| 003 | OSt | ||
| 005 | 20201009132134.0 | ||
| 008 | 190216s9999||||xx |||||||||||||| ||und|| | ||
| 020 | _a9788130008691 | ||
| 040 | _coclc | ||
| 082 |
_a006.6 _bRAD/C |
||
| 100 |
_aRadhakrishnan, Manakkal _94382 |
||
| 245 | 0 |
_aCorel Draw / _cManakkal Radhakrishnan |
|
| 260 |
_bPoorna Pubs, _aKozhikode: _c2008. |
||
| 300 | _a208p | ||
| 650 | _aComputer | ||
| 942 |
_cBK _2ddc _h006.6 _iRAD/C _k006.6 _mRAD/C |
||